ডায়েট ও পুষ্টি / (Record no. 5937)
[ view plain ]
| 000 -LEADER | |
|---|---|
| fixed length control field | 00887nam a2200265 a 4500 |
| 001 - CONTROL NUMBER | |
| JCCL Control Number | 5937 |
| 003 - CONTROL NUMBER IDENTIFIER | |
| JCCL marc code | BD-JhCC |
| 005 - DATE AND TIME OF LATEST TRANSACTION | |
| control field | 20210408134018.0 |
| 008 - FIXED-LENGTH DATA ELEMENTS--GENERAL INFORMATION | |
| fixed length control field | 171230s2017 bg a|||| ||a| 00| 0 ben d |
| 035 ## - SYSTEM CONTROL NUMBER | |
| system control number | (BD-JhCC)5937 |
| 040 ## - CATALOGING SOURCE | |
| Original cataloging agency | BD-JhCC |
| Modifying agency | BD-JhCC |
| 041 ## - LANGUAGE CODE | |
| Language code of Book | eng |
| 082 ## - DEWEY DECIMAL CLASSIFICATION NUMBER | |
| Classification number | 613.2 |
| Author mark and Year | RAH 2017 |
| 100 ## - MAIN ENTRY--PERSONAL NAME | |
| Personal name | রহমান, মোঃ জোবায়দুর |
| 245 ## - TITLE STATEMENT | |
| Title | ডায়েট ও পুষ্টি / |
| Remainder of title | মোঃ জোবায়দুর রহমান; এ. কে. এম সাইফুল্লাহ |
| 260 ## - PUBLICATION, DISTRIBUTION, ETC. (IMPRINT) | |
| Place of publication, distribution, etc | ঢাকা : |
| Name of publisher, distributor, etc | শরীফ প্রিন্টং প্রেস, |
| Date of publication, distribution, etc | 2017. |
| 300 ## - PHYSICAL DESCRIPTION | |
| Pagination | 196 p. : |
| Other physical details | ills; |
| Dimensions | 20 cm. |
| 650 ## - SUBJECT ADDED ENTRY--TOPICAL TERM | |
| Topical term or geographic name as entry element | Diet |
| 650 ## - SUBJECT ADDED ENTRY--TOPICAL TERM | |
| Topical term or geographic name as entry element | food hygiene |
| 650 ## - SUBJECT ADDED ENTRY--TOPICAL TERM | |
| Topical term or geographic name as entry element | Nutrition |
| 650 ## - SUBJECT ADDED ENTRY--TOPICAL TERM | |
| Topical term or geographic name as entry element | nutritional value |
| 700 ## - ADDED ENTRY--PERSONAL NAME | |
| Personal name | সাইফুল্লাহ, এ. কে. এম |
| 942 ## - ADDED ENTRY ELEMENTS (KOHA) | |
| Source of classification or shelving scheme | Dewey Decimal Classification |
| Koha item type | Books |
| Koha issues (borrowed), all copies | 6 |
| Source of classification or shelving scheme | Damaged status | Not for loan | Home library | Current library | Shelving location | Cost, normal purchase price | Total Checkouts | Total Renewals | Full call number | Barcode | Date last seen | Date checked out | Copy number | Koha item type | Date of accession | Checked out | Method of acquisition | Currency |
|---|---|---|---|---|---|---|---|---|---|---|---|---|---|---|---|---|---|---|
| Dewey Decimal Classification | JCC Rouf Library | JCC Rouf Library | General Stacks | 260.00 | 1 | 1 | 613.2 RAH 2017 | 8432 | 04/01/2020 | 03/18/2020 | C - 1 | Books | ||||||
| Dewey Decimal Classification | JCC Rouf Library | JCC Rouf Library | General Stacks | 260.00 | 613.2 RAH 2017 | 8433 | 12/30/2017 | C - 2 | Books | |||||||||
| Dewey Decimal Classification | JCC Rouf Library | JCC Rouf Library | General Stacks | 260.00 | 613.2 RAH 2017 | 8434 | 12/30/2017 | C - 3 | Books | |||||||||
| Dewey Decimal Classification | JCC Rouf Library | JCC Rouf Library | General Stacks | 260.00 | 613.2 RAH 2017 | 8435 | 12/30/2017 | C - 4 | Books | |||||||||
| Dewey Decimal Classification | JCC Rouf Library | JCC Rouf Library | General Stacks | 260.00 | 3 | 613.2 RAH 2017 | 8436 | 09/09/2023 | 09/09/2023 | C - 5 | Books | 09/09/2023 | 10/14/2023 | |||||
| Dewey Decimal Classification | JCC Rouf Library | JCC Rouf Library | General Stacks | 260.00 | 613.2 RAH 2017 | 8437 | 12/30/2017 | C - 6 | Books | |||||||||
| Dewey Decimal Classification | JCC Rouf Library | JCC Rouf Library | General Stacks | 260.00 | 1 | 613.2 RAH 2017 | 8438 | 04/03/2018 | 03/01/2018 | C - 7 | Books | 06/22/2023 | Purchase | |||||
| Dewey Decimal Classification | JCC Rouf Library | JCC Rouf Library | General Stacks | 260.00 | 1 | 613.2 RAH 2017 | 8439 | 10/27/2018 | 09/08/2018 | C - 8 | Books | |||||||
| Dewey Decimal Classification | JCC Rouf Library | JCC Rouf Library | General Stacks | 260.00 | 613.2 RAH 2017 | 8440 | 12/30/2017 | C - 9 | Books |